<?xml version="1.0" encoding="UTF-8"?>
<record
    xmlns:xsi="http://www.w3.org/2001/XMLSchema-instance"
    xsi:schemaLocation="http://www.loc.gov/MARC21/slim http://www.loc.gov/standards/marcxml/schema/MARC21slim.xsd"
    xmlns="http://www.loc.gov/MARC21/slim">

  <leader>00894aam a2200265 i 4500</leader>
  <datafield tag="999" ind1=" " ind2=" ">
    <subfield code="c">7859</subfield>
    <subfield code="d">7859</subfield>
  </datafield>
  <controlfield tag="001">991061052554406706</controlfield>
  <controlfield tag="003">OSt</controlfield>
  <controlfield tag="005">20240215164426.0</controlfield>
  <controlfield tag="008">231124s2023    sp |          000 0 spa|c</controlfield>
  <datafield tag="017" ind1=" " ind2=" ">
    <subfield code="a">DL V 2847-2023</subfield>
    <subfield code="b">Oficina DL Valencia</subfield>
  </datafield>
  <datafield tag="020" ind1=" " ind2=" ">
    <subfield code="a">9788411830492</subfield>
  </datafield>
  <datafield tag="040" ind1=" " ind2=" ">
    <subfield code="a">ES-ViU</subfield>
    <subfield code="b">cat</subfield>
    <subfield code="e">rda</subfield>
    <subfield code="c">CDMR</subfield>
  </datafield>
  <datafield tag="080" ind1=" " ind2=" ">
    <subfield code="a">070</subfield>
    <subfield code="2">2004</subfield>
  </datafield>
  <datafield tag="080" ind1=" " ind2=" ">
    <subfield code="a">070.42</subfield>
    <subfield code="x">(047.53)</subfield>
    <subfield code="2">2004</subfield>
  </datafield>
  <datafield tag="100" ind1="1" ind2=" ">
    <subfield code="a">Rojas Torrijos, Jos&#xE9; Luis,</subfield>
  </datafield>
  <datafield tag="245" ind1="1" ind2="0">
    <subfield code="a">Manual de nuevos perfiles profesionales para el periodismo y la no ficci&#xF3;n /</subfield>
    <subfield code="c">Jos&#xE9; Luis Rojas Torrijos, Susana Herrera</subfield>
  </datafield>
  <datafield tag="264" ind1=" " ind2="1">
    <subfield code="a">Valencia :</subfield>
    <subfield code="b">Tirant humanidades,</subfield>
    <subfield code="c">2023</subfield>
  </datafield>
  <datafield tag="300" ind1=" " ind2=" ">
    <subfield code="a">208 p&#xE0;gines :</subfield>
    <subfield code="b">il&#xB7;lustracions, algunes en color ;</subfield>
    <subfield code="c">22 cm</subfield>
  </datafield>
  <datafield tag="500" ind1=" " ind2=" ">
    <subfield code="a">Bibliografia: p&#xE0;gines 207-208</subfield>
  </datafield>
  <datafield tag="650" ind1=" " ind2="0">
    <subfield code="9">2030</subfield>
    <subfield code="a">Periodisme</subfield>
    <subfield code="x">Orientaci&#xF3; professional</subfield>
  </datafield>
  <datafield tag="700" ind1="1" ind2=" ">
    <subfield code="a">Herrera Damas, Susana,</subfield>
  </datafield>
  <datafield tag="908" ind1=" " ind2=" ">
    <subfield code="a">UVic-UCC</subfield>
  </datafield>
  <datafield tag="940" ind1=" " ind2=" ">
    <subfield code="a">CVA2</subfield>
  </datafield>
  <datafield tag="942" ind1=" " ind2=" ">
    <subfield code="2">udc</subfield>
    <subfield code="c">MON</subfield>
  </datafield>
  <datafield tag="952" ind1=" " ind2=" ">
    <subfield code="0">0</subfield>
    <subfield code="1">0</subfield>
    <subfield code="4">0</subfield>
    <subfield code="7">0</subfield>
    <subfield code="a">CDMR</subfield>
    <subfield code="b">CDMR</subfield>
    <subfield code="d">2024-02-15</subfield>
    <subfield code="e">Donaci&#xF3;</subfield>
    <subfield code="g">16.90</subfield>
    <subfield code="l">1</subfield>
    <subfield code="m">1</subfield>
    <subfield code="o">Ci 7/43</subfield>
    <subfield code="p">CDMR24020007</subfield>
    <subfield code="r">2024-05-29</subfield>
    <subfield code="s">2024-02-28</subfield>
    <subfield code="w">2024-02-15</subfield>
    <subfield code="y">MON</subfield>
  </datafield>
</record>
